Boy in the Bubble- Alec Benjamin (All Lyrics) - Statistics

General Stats
  • This quiz has been taken 5 times
  • The average score is 415 of 486
Answer Stats
Answer % Correct
a
100%
and
100%
And
100%
boy
100%
"Boy,
100%
bubble
100%
bubble"
100%
He
100%
he
100%
he's
100%
him
100%
his
100%
I
100%
I'm
100%
in
100%
In
100%
It
100%
it
100%
it's
100%
It's
100%
Just
100%
like
100%
me
100%
my
100%
no
100%
on
100%
She
100%
so
100%
the
100%
Then
100%
then
100%
time
100%
to
100%
was
100%
When
100%
when
100%
With
100%
with
100%
you
100%
you"
100%
"You
100%
you're
100%
You're
100%
6:48,
75%
air
75%
all
75%
alone
75%
at
75%
Back
75%
black
75%
bleeding
75%
blood
75%
blue"
75%
broke
75%
broken
75%
bubbles
75%
but
75%
But
75%
came
75%
'cause
75%
chest
75%
chicken
75%
clothes
75%
cold
75%
Come
75%
covered
75%
curse
75%
dad's
75%
day,
75%
day
75%
dealing
75%
did
75%
didn't
75%
do"
75%
Do
75%
don't
75%
down
75%
Drowning
75%
Every
75%
every
75%
excuse
75%
exposed
75%
face
75%
fight
75%
food
75%
for
75%
freezing
75%
from
75%
gate
75%
go
75%
gonna
75%
gotta
75%
ground
75%
had
75%
hand
75%
hands
75%
happen
75%
heart
75%
home
75%
hook
75%
house
75%
into
75%
Kick
75%
kid
75%
Knock
75%
know
75%
knows
75%
left
75%
let
75%
lightning
75%
living
75%
look
75%
looking
75%
lot
75%
Mind
75%
mom
75%
name
75%
nose
75%
not
75%
one
75%
only
75%
other
75%
out
75%
pain
75%
plate,
75%
pops
75%
pumping,
75%
Punch
75%
Put
75%
put
75%
"Put
75%
quick
75%
ready
75%
red
75%
room
75%
running,
75%
running
75%
said,
75%
said
75%
satisfaction,
75%
scared
75%
screaming
75%
sick,
75%
sick
75%
"Son,
75%
squared
75%
Stepped
75%
suffer,
75%
suffer
75%
tell
75%
that
75%
there's
75%
they
75%
thick
75%
things
75%
this
75%
though
75%
threw
75%
through
75%
thunder
75%
told
75%
trouble,
75%
trouble
75%
troubles
75%
up
75%
up,
75%
walked
75%
walking
75%
wanna
75%
want
75%
Well,
75%
what
75%
whiskey
75%
who'll
75%
why
75%
Because
50%
been
50%
belt
50%
buckle
50%
drunk
50%
he'll
50%
hope
50%
say
50%
since
50%
those
50%
No matching quizzes found
Score Distribution
Percent of People with Each Score
Percentile by Number Answered
Your Score History
You have not taken this quiz